00587nam a22001817a 4500008004100000020001800041040001800059041000800077100001800085245007300103260006800176300001800244504005100262650002000313650002700333650002600360700001900386130821s2008 xxu gr eng  a9781852785611 aCo-BoUCMbspa00aeng1 aTisdell, Clem10aMicroeconomic policy a new perspectivecClem Tisdell, Keith Hartley aNorthampton (Massachusetts, Estados Unidos)bEdward Elgarc2008 a457 páginas aIncluye referencias bibliográficas e indice.04aMicroeconomía04aPolítica económica04aPolítica industrial aHartley, Keith